[Event "Kingston Chan Memorial op"]
[Site "Kingston"]
[Date "2017.09.23"]
[Round "3"]
[White "Hall, Odane"]
[Black "Curwin, Nickaylah"]
[Result "1-0"]
[WhiteElo "1765"]
[BlackElo "1373"]
[PlyCount "87"]
[EventDate "2017.09.21"]
[EventType "swiss"]
[EventRounds "6"]
[EventCountry "JAM"]
[SourceTitle "EXT 2020"]
[Source "ChessBase"]
[SourceDate "2019.10.17"]
[SourceVersion "1"]
[SourceVersionDate "2019.10.17"]
[SourceQuality "1"]

1. d4 Nf6 2. Bf4 g6 3. e3 d5 4. Bd3 Bg7 5. c3 0-0 6. Nd2 Nbd7 7. Ngf3 c5 8. 0-0 c4 9. Bc2 Nh5 10. Bg5 Re8 11. b3 b5 12. a4 cxb3 13. Bxb3 Ba6 14. Bxd5 bxa4 15. c4 Rb8 16. Qxa4 Bb7 17. Bxb7 Rxb7 18. Rab1 Rc7 19. Rb4 Nb6 20. Qa6 Qc8 21. Qxc8 Rexc8 22. Rc1 Nd5 23. Rb3 h6 24. Bh4 g5 25. Bg3 Nxg3 26. hxg3 e6 27. Ra1 Nb6 28. c5 Nd7 29. Ne4 Bf8 30. Rba3 Ra8 31. g4 Nb8 32. Nf6+ Kh8 33. Ne5 Bg7 34. Ne4 Bxe5 35. dxe5 Nc6 36. f4 gxf4 37. exf4 Nd4 38. R1a2 Rg8 39. Rxa7 Rxa7 40. Rxa7 Rxg4 41. Nf6 Ne2+ 42. Kf2 Rxf4+ 43. Kxe2 Rc4 44. Rxf7 1-0

[Event "Kingston Chan Memorial op"]
[Site "Kingston"]
[Date "2017.09.23"]
[Round "4"]
[White "Johnson, Obrian"]
[Black "Hall, Odane"]
[Result "1-0"]
[WhiteElo "1539"]
[BlackElo "1765"]
[PlyCount "107"]
[EventDate "2017.09.21"]
[EventType "swiss"]
[EventRounds "6"]
[EventCountry "JAM"]
[SourceTitle "EXT 2020"]
[Source "ChessBase"]
[SourceDate "2019.10.17"]
[SourceVersion "1"]
[SourceVersionDate "2019.10.17"]
[SourceQuality "1"]

1. d4 Nf6 2. c4 e5 3. Nc3 exd4 4. Qxd4 Nc6 5. Qd1 Bb4 6. Bd2 0-0 7. Qc2 d6 8. Nf3 Bg4 9. e3 Bh5 10. Be2 Re8 11. a3 Bg6 12. Qd1 Bxc3 13. Bxc3 Ne4 14. Rc1 Nxc3 15. Rxc3 Qf6 16. 0-0 Be4 17. Nd2 Bf5 18. Bf3 Bd7 19. c5 dxc5 20. Ne4 Qe7 21. Nxc5 Bc8 22. Nxb7 Ne5 23. Na5 Rb8 24. Nc6 Nxc6 25. Bxc6 Rd8 26. Qc2 Qd6 27. Be4 g6 28. Bf3 Qe5 29. b4 Ba6 30. Rc1 Bb7 31. Rc5 Qd6 32. Rd1 Qb6 33. Rxd8+ Rxd8 34. Bxb7 Qxb7 35. Rxc7 Rd1+ 36. Qxd1 Qxc7 37. h3 Qc3 38. Qd8+ Kg7 39. Qd4+ Qxd4 40. exd4 Kf6 41. f3 Ke6 42. Kf2 f5 43. Ke3 Kd5 44. Kd3 f4 45. a4 g5 46. b5 h6 47. a5 h5 48. b6 axb6 49. axb6 Kc6 50. Kc4 Kxb6 51. Kd5 Kc7 52. Ke6 Kd8 53. Kd6 Ke8 54. Kc7 1-0

[Event "Kingston Chan Memorial op"]
[Site "Kingston"]
[Date "2017.09.21"]
[Round "2"]
[White "Smith, Shreyas"]
[Black "Hall, Odane"]
[Result "1-0"]
[WhiteElo "2168"]
[BlackElo "1765"]
[PlyCount "57"]
[EventDate "2017.09.21"]
[EventType "swiss"]
[EventRounds "6"]
[EventCountry "JAM"]
[SourceTitle "EXT 2020"]
[Source "ChessBase"]
[SourceDate "2019.10.17"]
[SourceVersion "1"]
[SourceVersionDate "2019.10.17"]
[SourceQuality "1"]

1. e4 e5 2. Nf3 Nc6 3. Bb5 Bc5 4. 0-0 d6 5. c3 Bd7 6. d4 exd4 7. cxd4 Bb6 8. Nc3 Nge7 9. h3 0-0 10. Re1 a6 11. Bc4 h6 12. Be3 Kh8 13. Qd2 Kh7 14. Rad1 f5 15. e5 d5 16. Bxd5 Nxd5 17. Nxd5 Ba5 18. Nc3 Qe8 19. d5 Nxe5 20. Nxe5 Qxe5 21. Bc5 Qf6 22. Bxf8 Rxf8 23. Qd4 Qg5 24. h4 Qd8 25. d6 c6 26. Re7 Rg8 27. Qe5 b5 28. Rd3 f4 29. Ne4 1-0